|
|
|
|
| LEADER |
02355nam a22006015i 4500 |
| 001 |
978-3-540-26229-9 |
| 003 |
DE-He213 |
| 005 |
20160123033208.0 |
| 007 |
cr nn 008mamaa |
| 008 |
160123s2005 gw | s |||| 0|eng d |
| 020 |
|
|
|a 9783540262299
|9 978-3-540-26229-9
|
| 024 |
7 |
|
|a 10.1007/b10889
|2 doi
|
| 040 |
|
|
|d GrThAP
|
| 050 |
|
4 |
|a QH343.4
|
| 072 |
|
7 |
|a RGM
|2 bicssc
|
| 072 |
|
7 |
|a SCI031000
|2 bisacsh
|
| 072 |
|
7 |
|a SCI086000
|2 bisacsh
|
| 082 |
0 |
4 |
|a 550
|2 23
|
| 245 |
1 |
0 |
|a Lectures in Astrobiology
|h [electronic resource] :
|b Volume I /
|c edited by Muriel Gargaud, Bernard Barbier, Hervé Martin, Jacques Reisse.
|
| 246 |
3 |
|
|a Study Edition
|
| 264 |
|
1 |
|a Berlin, Heidelberg :
|b Springer Berlin Heidelberg :
|b Imprint: Springer,
|c 2005.
|
| 300 |
|
|
|a XXVI, 792 p.
|b online resource.
|
| 336 |
|
|
|a text
|b txt
|2 rdacontent
|
| 337 |
|
|
|a computer
|b c
|2 rdamedia
|
| 338 |
|
|
|a online resource
|b cr
|2 rdacarrier
|
| 347 |
|
|
|a text file
|b PDF
|2 rda
|
| 490 |
1 |
|
|a Advances in Astrobiology and Biogeophysics,
|x 1610-8957
|
| 520 |
|
|
|a This book is the first comprehensive textbook at the graduate level encompassing all aspects associated with the emerging field of astrobiology. Volume I gathers a fist set of extensive lectures that cover a broad range of topics, from the formation of solar system to the quest for the most primitive life forms that emerged on the early Earth.
|
| 650 |
|
0 |
|a Earth sciences.
|
| 650 |
|
0 |
|a Organic chemistry.
|
| 650 |
|
0 |
|a Geophysics.
|
| 650 |
|
0 |
|a Geobiology.
|
| 650 |
|
0 |
|a Microbiology.
|
| 650 |
|
0 |
|a Space sciences.
|
| 650 |
|
0 |
|a Astrobiology.
|
| 650 |
1 |
4 |
|a Earth Sciences.
|
| 650 |
2 |
4 |
|a Biogeosciences.
|
| 650 |
2 |
4 |
|a Geophysics/Geodesy.
|
| 650 |
2 |
4 |
|a Astrobiology.
|
| 650 |
2 |
4 |
|a Extraterrestrial Physics, Space Sciences.
|
| 650 |
2 |
4 |
|a Microbiology.
|
| 650 |
2 |
4 |
|a Organic Chemistry.
|
| 700 |
1 |
|
|a Gargaud, Muriel.
|e editor.
|
| 700 |
1 |
|
|a Barbier, Bernard.
|e editor.
|
| 700 |
1 |
|
|a Martin, Hervé.
|e editor.
|
| 700 |
1 |
|
|a Reisse, Jacques.
|e editor.
|
| 710 |
2 |
|
|a SpringerLink (Online service)
|
| 773 |
0 |
|
|t Springer eBooks
|
| 776 |
0 |
8 |
|i Printed edition:
|z 9783540223153
|
| 830 |
|
0 |
|a Advances in Astrobiology and Biogeophysics,
|x 1610-8957
|
| 856 |
4 |
0 |
|u http://dx.doi.org/10.1007/b10889
|z Full Text via HEAL-Link
|
| 912 |
|
|
|a ZDB-2-EES
|
| 950 |
|
|
|a Earth and Environmental Science (Springer-11646)
|